|
|
|
|
| LEADER |
01467nam a2200397 a 4500 |
| 001 |
EBC564916 |
| 003 |
MiAaPQ |
| 005 |
20200520144314.0 |
| 006 |
m o d | |
| 007 |
cr cn||||||||| |
| 008 |
100401s2010 enk s 001 0 eng d |
| 010 |
|
|
|z 2010013152
|
| 020 |
|
|
|z 9780470686508 (pbk. : alk. paper)
|
| 020 |
|
|
|z 0470686502 (pbk. : alk. paper)
|
| 020 |
|
|
|a 9780470666524 (electronic bk.)
|
| 035 |
|
|
|a (MiAaPQ)EBC564916
|
| 035 |
|
|
|a (Au-PeEL)EBL564916
|
| 035 |
|
|
|a (CaPaEBR)ebr10441452
|
| 035 |
|
|
|a (OCoLC)681350786
|
| 040 |
|
|
|a MiAaPQ
|c MiAaPQ
|d MiAaPQ
|
| 050 |
|
4 |
|a HD60
|b .A225 2010
|
| 082 |
0 |
4 |
|a 658.4/08
|2 22
|
| 100 |
1 |
|
|a Visser, Wayne.
|
| 245 |
1 |
4 |
|a The A to Z of corporate social responsibility
|h [electronic resource] /
|c Wayne Visser ... [et al.].
|
| 246 |
1 |
4 |
|a A-Z of corporate social responsibility
|
| 250 |
|
|
|a Rev. and updated ed.
|
| 260 |
|
|
|a Chichester, West Sussex, U.K. :
|b Wiley,
|c 2010.
|
| 300 |
|
|
|a xxxi, 470 p.
|
| 500 |
|
|
|a "An ICCA publication"--Cover.
|
| 500 |
|
|
|a Includes index.
|
| 533 |
|
|
|a Electronic reproduction. Ann Arbor, MI : ProQuest, 2015. Available via World Wide Web. Access may be limited to ProQuest affiliated libraries.
|
| 650 |
|
0 |
|a Social responsibility of business.
|
| 655 |
|
4 |
|a Electronic books.
|
| 710 |
2 |
|
|a Institute for Corporate Culture Affairs.
|
| 710 |
2 |
|
|a ProQuest (Firm)
|
| 856 |
4 |
0 |
|u https://ebookcentral.proquest.com/lib/matrademy/detail.action?docID=564916
|z Click to View
|